Lyrics to 'Porfa no te vayas' by Beret, Morat - Statistics

General Stats
  • This quiz has been taken 58 times
  • The average score is 278 of 313
Answer Stats
Answer % Correct
a
100%
al
100%
algún
100%
bailar
100%
con
100%
conmigo
100%
contigo
100%
cuando
100%
Cuando
100%
de
100%
el
100%
imprudente
100%
Los
100%
los
100%
no
100%
No
100%
por
100%
Porfa
100%
salga
100%
sol
100%
te
100%
Te
100%
vayas
100%
Y
100%
y
100%
error
93%
es
93%
estoy
93%
hablar
93%
intente
93%
juegan
93%
la
93%
nada
93%
nervios
93%
pasar
93%
Porque
93%
ti
93%
tu
93%
93%
ver
93%
verano
93%
en
86%
enamoré
86%
eres
86%
Eres
86%
frío
86%
haga
86%
Llega
86%
luna
86%
me
86%
Me
86%
nadie
86%
Pasamos
86%
pasé
86%
que
86%
Que
86%
Recuerdo
86%
recuerdo
86%
sabes
86%
Se
86%
se
86%
86%
Si
86%
si
86%
solo
86%
Solo
86%
tartamudear
86%
techo
86%
amor
79%
aquel
79%
calor
79%
congeló
79%
cuente
79%
dormido
79%
dudas
79%
estás
79%
etiquetas
79%
fantasma
79%
lado
79%
mil
79%
mío
79%
nunca
79%
palabras
79%
pasó
79%
puse
79%
repente
79%
termina
79%
tierra
79%
una
79%
ya
79%
yo
79%
Yo
79%
aire
71%
aún
71%
beso
71%
besos
71%
bonita
71%
cada
71%
como
71%
confío
71%
Construimos
71%
creer
71%
del
71%
dudé
71%
estés
71%
hay
71%
hechos
71%
Hoy
71%
más
71%
precio
71%
puedo
71%
quedan
71%
sin
71%
soy
71%
tan
71%
tienes
71%
viste
71%
vivir
71%
Aunque
64%
empezando
64%
faltaban
64%
quedaron
64%
Sabiendo
64%
tantos
64%
tarde
64%
voy
64%
vuelvo
64%
calma
57%
dos
57%
enloquecer
57%
olvidaré
57%
pilares
57%
vengo
57%
peso
50%
seamos
50%
No matching quizzes found
Score Distribution
Percent of People with Each Score
Percentile by Number Answered
Your Score History
You have not taken this quiz